J'irai dormir chez vous-Destinations - Statistiques

Statistiques générales
  • Ce quiz a été pris 66 fois
  • Le résultat moyen est 43 sur 66
Statistiques - réponses
Hint Réponse % Correct
S1 E9 Australie
96%
S1 E19 Bolivie/Pérou
94%
S1 E10 France
92%
S1 E17 France
92%
S1 E6 Inde
92%
S1 E1 Japon
92%
S1 E20 Royaume-Uni
92%
S5 E3 Argentine
90%
S1 E4 Québec
90%
S5 E4 Allemagne
88%
S1 E8 Chili
88%
S1 E11 Chine
88%
S1 E2 Maroc
88%
S3 E6 Mexique
88%
S5 E7 Espagne
86%
S1 E7 Suisse
86%
S6 E1 Irlande
84%
S6 E4 Italie
84%
S7 E3 Colombie
82%
S2 E3 Portugal
82%
S3 E5 Grèce
80%
S8 E5 Pays-Bas
80%
S8 E3 Thailande
80%
S4 E1 Corée du Sud
78%
S3 E3 Indonésie
78%
S3 E2 Nouvelle-Zélande
78%
S1 E15 Roumanie
78%
S1 E16 Belgique
74%
S7 E2 Croatie
72%
S3 E1 Cuba
70%
S2 E4 Finlande
70%
S2 E1 Israel
70%
S1 E3 Mali
70%
S11 E5 Viet Nam
70%
S3 E4 Iran
68%
S11 E3 Kazakhstan
64%
S4 E3 Mongolie
64%
S6 E2 Uruguay
64%
S4 E5 Albanie
62%
S11 E2 Cote d'Ivoire
62%
S11 E4 Serbie
62%
S8 E4 Tanzanie
62%
S8 E2 Bosnie-Herzégovine
60%
S11 E1 Costa Rica
58%
S9 E1 Arménie
54%
S1 E13 Cambodge
54%
S1 E14 Emirats Arabes Unis
54%
S1 E12 Ethiopie
54%
S1 E18 Madagascar
54%
S10 E1 Chypre
52%
S9 E2 Philippines
52%
S7 E4 Malte
50%
S8 E1 Nicaragua
50%
S5 E5 Birmanie
48%
S4 E2 Ghana
48%
S6 E5 Kirghizistan
40%
S5 E2 Namibie
40%
S5 E6 Cap-Vert
38%
S7 E5 Malawi
32%
S7 E1 Bhoutan
28%
S5 E1 Californie
26%
S9 E3 Kiribati
24%
S1 E5 Vanuatu
24%
S4 E4 Hawai
16%
S6 E3 Caraibes
14%
S2 E2 Polynésie Française
6%
Aucun quiz correspondant
Distribution des résultats
% des personnes avec chaque résultat
Percentile par nombre de réponses
Votre historique - résultats
Vous n’avez pas pris ce quiz